An introduction th the geometry of n dimensions

Αποθηκεύτηκε σε:
Λεπτομέρειες βιβλιογραφικής εγγραφής
Κύριος συγγραφέας: Sommerville, Duncan M'Laren Young, 1879-1934
Μορφή: Βιβλίο
Γλώσσα:English
Δημοσίευση: New York : Dover Publications, 1958
Θέματα:
Ετικέτες: Προσθήκη ετικέτας
Δεν υπάρχουν, Καταχωρήστε ετικέτα πρώτοι!

MARC

LEADER 00000cam a2200000 i 4500
001 1/4256
008 100208s1958 eng d
035 |l 10106681 
040 |a GR-MY-UA  |b gre  |e aacr 
041 0 |a eng 
082 0 |a 516.3  |2 (22) 
100 1 |a Sommerville, Duncan M'Laren Young,   |d 1879-1934. 
245 1 3 |a An introduction th the geometry of n dimensions /  |c by D. M. Y. Sommerville 
260 |a New York :   |b Dover Publications,   |c 1958 
300 |a 196 σ.;  |b σχ.;  |c 20 εκ. 
504 |a Περιέχει ευρετήριο 
650 0 0 |a Hyperspace. 
852 |a INST  |b SAMOS  |c MAG  |e 20100208  |h 516.3 SOM  |p 005300030687  |q 005300030687  |t BK  |y 0 
901 |a BIBL3-2010-1 
909 |a Σ  |b 158067 
970 |a ΣΙΤΖΙΜΗ  |b ΓΙΑΣΕΜΗ  |z 2010/02/08